| 000 | 00795cam a2200289 4500 | ||
|---|---|---|---|
| 008 | 090401t1997 xxu||||| |||| 00| 0 eng d | ||
| 020 | _a0112710131 | ||
| 035 | _a(Sirsi) u92282 | ||
| 041 | _aeng | ||
| 050 | _a333.72 | ||
| 110 |
_aDepartment for Education and Employment _92846 |
||
| 245 | _aGuidelines for environmental design in schools. | ||
| 260 |
_aLondon _bStationery Office _c1997 |
||
| 300 |
_ai,40p. _c30cm. |
||
| 350 | _a13.95 | ||
| 490 |
_aDfES Building Bulletin _v87 |
||
| 650 | _aBUILT ENVIRONMENT-CONSTRUCTION DESIGN-ACOUSTICS | ||
| 650 | _aENERGY RATINGS | ||
| 650 | _aENVIRONMENTAL DESIGN | ||
| 650 | _aHEATING | ||
| 650 | _aLIGHTING | ||
| 650 | _aVENTILATION | ||
| 650 | _aWATER SUPPLY | ||
| 690 | _aBUILT ENVIRONMENT | ||
| 942 | _n0 | ||
| 948 | _c23/03/1999 | ||
| 999 |
_c97738 _d97738 |
||